Who Is Who Quiz Stats

 Plays Quiz not verified by Sporcle

Challenge
Share
Tweet
Embed
Score 0/20 Timer 10:00
0 Plays Today
Entertainmeant Music % Correct
'Poker Face'???
80%
'Roar'???
77.8%
''Gernade'???
76.7%
'Drunk In Love'???
73.3%
''Royal'???
67.8%
'Rumor Has It'???
65.6%
''Stay'???
62.2%
'Blurr Lines'???
61.1%
'Love Story'???
58.9%
'Best Song Ever'???
57.8%
Entertainmeant Music % Correct
'Try'???
40%
'Bound 2'???
26.7%
'Perfume'???
25.6%
'Think Like A Man'???
23.3%
'' It Wont Stop'???
18.9%
'This Is My Story'???
12.2%
'Baddie'???
11.1%
''Real &True'???
10%
'Coming Home'???
6.7%
'Timber'???
4.4%

You're not logged in!

Compare scores with friends on all Sporcle quizzes.
Join for Free
OR
Log In

You Might Also Like...

Show Comments

Extras

Top Quizzes Today


Score Distribution

Your Account Isn't Verified!

In order to create a playlist on Sporcle, you need to verify the email address you used during registration. Go to your Sporcle Settings to finish the process.

Report this User

Report this user for behavior that violates our Community Guidelines.

Details: